Govt. of
Madhya Pradesh

Compulsory Education Cambodia Laos And Viet nam (Record no. 35501)

MARC details
000 -LEADER
fixed length control field 004370000a22001690004500
003 - CONTROL NUMBER IDENTIFIER
control field MACL
005 - DATE AND TIME OF LATEST TRANSACTION
control field 20151231133742.0
008 - FIXED-LENGTH DATA ELEMENTS--GENERAL INFORMATION
fixed length control field 151231b xxu||||| |||| 00| 0 eng d
040 ## - CATALOGING SOURCE
Original cataloging agency MACL
Transcribing agency MACL
041 ## - LANGUAGE CODE
Language code of text/sound track or separate title English
082 ## - DEWEY DECIMAL CLASSIFICATION NUMBER
Classification number 379.23/CHA
100 ## - MAIN ENTRY--PERSONAL NAME
Personal name Charlies
9 (RLIN) 25682
245 ## - TITLE STATEMENT
Title Compulsory Education Cambodia Laos And Viet nam
260 ## - PUBLICATION, DISTRIBUTION, ETC. (IMPRINT)
Name of publisher, distributor, etc. Unesco
Date of publication, distribution, etc. 1955
Place of publication, distribution, etc. Swietzerland
650 ## - SUBJECT ADDED ENTRY--TOPICAL TERM
Topical term or geographic name as entry element Education
9 (RLIN) 25683
942 ## - ADDED ENTRY ELEMENTS (KOHA)
Koha item type Books
Call number prefix 379/uno
Source of classification or shelving scheme
Holdings
Withdrawn status Lost status Source of classification or shelving scheme Damaged status Not for loan Home library Current library Date acquired Total Checkouts Full call number Barcode Date last seen Uniform Resource Identifier Price effective from Koha item type
          MACL MACL 15/04/2015   379/CHA CLE005805 29/04/2015 35709 15/04/2015 Books